Directory of iron and stell works in member countries
Salvato in:
| Autore principale: | |
|---|---|
| Natura: | Libro |
| Lingua: | Undetermined |
| Pubblicazione: |
Shenton way
South East Asia Iron and Steel Institute
1978
|
| Soggetti: | |
| Tags: |
Aggiungi Tag
Nessun Tag, puoi essere il primo ad aggiungerne! !
|
| Thư viện lưu trữ: | Trung tâm Học liệu Trường Đại học Cần Thơ |
|---|
| LEADER | 00555nam a2200181Ia 4500 | ||
|---|---|---|---|
| 001 | CTU_79112 | ||
| 008 | 210402s9999 xx 000 0 und d | ||
| 082 | |a 011.52 | ||
| 082 | |b S438 | ||
| 100 | |a Seaisi | ||
| 245 | 0 | |a Directory of iron and stell works in member countries | |
| 245 | 0 | |c Seaisi | |
| 260 | |a Shenton way | ||
| 260 | |b South East Asia Iron and Steel Institute | ||
| 260 | |c 1978 | ||
| 650 | |a Iron industry and trade,Steel industry and trade | ||
| 650 | |x Directories,Directories | ||
| 980 | |a Trung tâm Học liệu Trường Đại học Cần Thơ | ||